| 000 | 00405nam a2200145Ia 4500 | ||
|---|---|---|---|
| 020 | _a0851129617(pbk) | ||
| 082 |
_a355.009 _bREG _cD |
||
| 100 |
_aRegan, Geoffrey _948610 |
||
| 245 | _aThe Guinness book of Military blunders | ||
| 260 |
_aLondon: _bGuinness Publishing _c1993 |
||
| 300 | _a188p :ill. | ||
| 526 |
_a0 _b0 _c0 _d355_009000000000000_REG |
||
| 650 |
_aMilitary History _91735 |
||
| 942 |
_2ddc _cBK |
||
| 999 |
_c551481 _d551481 |
||